Footballeurs recordmans des sélections dans leurs pays - Statistiques

Statistiques générales
  • Ce quiz a été pris 81 fois
  • Le résultat moyen est 11 sur 40
Statistiques - réponses
Pays Réponse % Correct
Portugal Cristiano Ronaldo
90%
Argentine Lionel Messi
87%
France Hugo Lloris
76%
Pays de Galle Gareth Bale
69%
Croatie Luka Modric
68%
Chili Alexis Sanchez
60%
Italie Gianluigi Buffon
59%
Pologne Robert Lewandowski
59%
Bosnie-Herzégovine Edin Dzeko
57%
Espagne Sergio Ramos
57%
Brésil Cafu
40%
Uruguay Diego Godín
37%
République d'Irlande Robbie Keane
34%
Belgique Jan Vertonghen
28%
Ghana André Ayew
26%
Slovaquie Marek Hamšík
26%
Macédoine du Nord Goran Pandev
25%
Ecosse Kenny Dalglish
24%
Allemagne Lothar Matthäus
24%
Albanie Lorik Cana
22%
Tchéquie Petr Čech
21%
Finlande Jari Litmanen
19%
Pays-Bas Wesley Sneijder
18%
Autriche Marko Arnautović
16%
Colombie David Ospina
15%
Cameroun Rigobert Song
12%
Mexique Andrés Guardado
10%
Mali Seydou Keita
10%
Serbie Branislav Ivanović
9%
Nigeria Ahmed Musa
7%
Algérie Raïs M'Bolhi
7%
Norvège John Arne Riise
6%
Angleterre Peter Shilton
6%
Suède Anders Svensson
4%
Cote d'Ivoire Didier Zokora
4%
Bénin Stéphane Sessègnon
4%
Burkina Faso Charles Kaboré
3%
Iran Javad Nekounam
3%
Guinée Pascal Feindouno
3%
Russie Sergueï Ignachevitch
1%
Aucun quiz correspondant
Distribution des résultats
% des personnes avec chaque résultat
Percentile par nombre de réponses
Votre historique - résultats
Vous n’avez pas pris ce quiz